| 000 | 00658nam a2200229Ia 4500 | ||
|---|---|---|---|
| 001 | dia_2038 | ||
| 003 | CHAP | ||
| 005 | 20230614102130.0 | ||
| 008 | 220117s1968 xx 000 0 und d | ||
| 010 | _a172576 | ||
| 040 | _cCHAP | ||
| 082 | _a634.972 B75 | ||
| 100 |
_aBrom Rojas, Emilio _915511 |
||
| 245 |
_aEstablecimiento de Huertos Frutícolas / _c por Emilio Brom Rojas |
||
| 260 |
_aMéxico : _b SAG. Comisión Nacional de Fruticultura, _c1968 |
||
| 300 | _a141 p. | ||
| 650 |
_a1.Fruticultura _9147031 |
||
| 901 | _a634.972 B75 | ||
| 902 | _aM | ||
| 905 | _a0000001968 mx A 0000000000spa00 | ||
| 942 |
_cLIBRO _2ddc |
||
| 999 |
_c172576 _d172576 |
||